Datum a čas kvízu
26
Celkem bodů
Celkový počet nahraných bodů na tomto kvízu bez doplňovacích otázek.
11.
Pořadí na kvízu
Konečné umístění týmu na tomto kvízu.
Zaznamenané odpovědi
| # | Otázka | Odpověď | Body | Výsledky |
|---|---|---|---|---|
| 1. | Poblíž které jihočeské obce by... | Lety | 0 | |
| 2. | Radní jednoho evropského města... | Benátky | 1 | |
| 3. | Při sobotním jednodenním festi... | Pořadatel přestal vracet zálohy za kelímky. | 1 | |
| 4. | V pátek se v pražském hotelu M... | mince | 0 | |
| 5. | Který český hokejista v úterý... | Jakub Voráček | 0 | |
| 6. | Sugo all'amatriciana patří mez... | guanciale; pecorino | 0.5 | |
| 7. | Napište zakrytou značku zobraz... | Kikkoman | 0 | |
| 8. | Když se řekne omáčka, určitě s... | 15 | 0 | |
| 9. | Město Worcester dalo jméno jed... | C; ločidlo | 0.5 | |
| 10. | Jak se označuje tato jednoduch... | velouté | 0 |